Aldabonazos (Record no. 114059)

MARC details
000 -LEADER
campo de control de longitud fija 00809nam a2200181 4500
001 - NÚMERO DE CONTROL
campo de control 114059
003 - IDENTIFICADOR DE NÚMERO DE CONTROL
campo de control ES-MaACL
005 - FECHA Y HORA DE LA ÚLTIMA TRANSACCIÓN
campo de control 20230906190052.0
007 - CAMPO FIJO DE DESCRIPCIÓN FÍSICA--INFORMACIÓN GENERAL
campo de control de longitud fija t|
008 - DATOS DE LONGITUD FIJA--INFORMACIÓN GENERAL
campo de control de longitud fija 061121s1972 sp r ||||1| spa d
100 1# - ENTRADA PRINCIPAL--NOMBRE DE PERSONA
Nombre de persona Palomar Collado, Patricio.
9 (RLIN) 88664
245 10 - MENCIÓN DEL TÍTULO
Título Aldabonazos
Resto del título : a la sensibilidad ciudadana, a la conciencia profesional, a la actuación cívica y política... y repique : [medio siglo de actuación técnica y social, 1918-1968] /
Mención de responsabilidad, etc. Patricio Palomar Collado ; presentación de José Mª Pi Suñer ; ilustraciones de Patricio Palomar Valls.
260 ## - PUBLICACIÓN, DISTRIBUCIÓN, ETC.
Lugar de publicación, distribución, etc. Barcelona :
Nombre del editor, distribuidor, etc. Editores Técnicos Asociados,
Fecha de publicación, distribución, etc. 1972.
300 ## - DESCRIPCIÓN FÍSICA
Extensión 2 t. en 1 v. :
Otras características físicas il. ;
Dimensiones 25 cm.
700 1# - ENTRADA AGREGADA--NOMBRE PERSONAL
Nombre de persona Pi Suñer, José María.
9 (RLIN) 91727
700 1# - ENTRADA AGREGADA--NOMBRE PERSONAL
Nombre de persona Palomar Valls, Patricio.
9 (RLIN) 88671
852 ## - LOCALIZACIÓN
Ubicación ES-MaACL
Número de control de estantería C-42700
Sublocalización o colección R.81962
Holdings
Estatus retirado Estado de pérdida Estado de daño No para préstamo Biblioteca de origen Biblioteca actual Ubicación en estantería Fecha de adquisición Fuente de adquisición Total de préstamos Signatura topográfica completa Código de barras Visto por última vez Precio de reemplazo Tipo de ítem Koha
        Biblioteca del Ateneo de Madrid Biblioteca del Ateneo de Madrid Depósito 2 17/01/2008     C-42700 1118950 23/02/2023 23/02/2023 Libro impreso